| 000 | 00927nam a2200277 i 4500 | ||
|---|---|---|---|
| 001 | 100054 | ||
| 003 | ES-MaACL | ||
| 005 | 20251202185829.0 | ||
| 007 | t| | ||
| 008 | 050921s1975 sp ||||1| spa d | ||
| 020 | _a84-85199-05-7 | ||
| 080 | _a329.14(46)"18/19" | ||
| 080 | _a32 Iglesias, Pablo | ||
| 100 | 1 |
_aMartínez de Sas, María Teresa. _978032 |
|
| 245 | 1 | 3 |
_aEl socialismo y la España oficial _b: Pablo Iglesias, diputado a Cortes / _cMaría Teresa Martínez de Sas. |
| 260 |
_aMadrid : _bTucar, _c[1975] |
||
| 300 |
_a358 p. ; _c21 cm. |
||
| 490 | 1 | _aTemas de ciencias sociales | |
| 500 | _aBiblioteca Juan Andrade. | ||
| 600 | 1 | 4 |
_aIglesias, Pablo, _d1850-1925 _9242571 |
| 610 | 2 |
_aPartido Socialista Obrero Español. _96155 |
|
| 830 | 0 |
_aTemas de ciencias sociales _9183568 |
|
| 852 |
_aES-MaACL _jE-8448 _bR.92947 |
||
| 852 |
_aES-MaACL _jAND-413 _bR.109717 |
||
| 999 |
_c100054 _d100054 |
||